Szczegóły MARC21

Trzaski, Everta i Michalskiego Encyklopedyczny słownik wyrazów obcych : pochodzenie wyrazów, wymowa, objaśnienia pojęć, skróty, przysłowia, cytaty /

003 -Nazwa inst., której nr kontr. jest w polu 001 [,]
    • @
    • Nazwa instytucji, której n kontrolny jest w polu 001
    • NUKAT
005 -DATA I CZAS OSTATNIEJ MODYFIKACJI [,]
    • @
    • pole kontrolne
    • 20260417225345.0
040 -Instytucja sporządzająca opis [ , ]
    • a
    • Instytucja, która sporządziła opis (NP)
    • GD U/MZ
    • b
    • Język katalogowania
    • pol
    • e
    • Zasady katalogowania
    • rda
    • c
    • Instytucja, która sporządziła rekord (NP)
    • GD U/MZ
    • d
    • Instytucja, która zmodyfikowała rekord (P)
    • GD U/MZ
    • d
    • Instytucja, która zmodyfikowała rekord (P)
    • GD U/ISSs
    • d
    • Instytucja, która zmodyfikowała rekord (P)
    • KR U/42AKs
    • d
    • Instytucja, która zmodyfikowała rekord (P)
    • OLSZT 003/ER
    • d
    • Instytucja, która zmodyfikowała rekord (P)
    • OLSZT 008/AL
942 -Rodzaj dokumentu [ , ]
    • c
    • Rodzaj dokumentu
    • Książka
245 -Strefa tytułu i oznaczenia odpowiedzialności [0,0]
    • a
    • Tytuł
    • Trzaski, Everta i Michalskiego Encyklopedyczny słownik wyrazów obcych : Find
    • b
    • Ciąg dalszy tytułu (NP)
    • pochodzenie wyrazów, wymowa, objaśnienia pojęć, skróty, przysłowia, cytaty / Find
    • c
    • Pozostałe elementy strefy tytułu i oznaczenia odpowiedzialności (NP)
    • poprzedzony rozprawą A. Brücknera O wyrazach obcych ; redaktor Stanisław Lam.
246 -Wariant tytułu [3, ]
    • a
    • Tytuł (NP)
    • Encyklopedyczny słownik wyrazów obcych
260 -Strefa adresu wydawniczego [ , ]
    • a
    • Miejsce wydania (P)
    • Warszawa :
    • b
    • Nazwa wydawcy (P)
    • nakładem Księgarni Wydawniczej Trzaski, Everta i Michalskiego S. A.,
    • c
    • Data wydania (P)
    • copyright 1939
    • e
    • Miejsce druku (NP)
    • (Kraków :
    • f
    • Nazwa drukarni (P)
    • złożono i odbito w Drukarni Narodowej).
300 -Strefa opisu fizycznego [ , ]
    • a
    • Określenie formy książki i/lub objętość (NP)
    • XXVIII, 2445 łamów ;
    • c
    • Format (NP)
    • 25 cm.
336 -Typ zawartości [ , ]
    • a
    • Termin opisujący typ zawartości
    • Tekst
    • b
    • Kod określający zawartość
    • txt
    • 2
    • Źródło (terminu i kodu)
    • rdacontent
337 -Typ mediów [ , ]
    • a
    • Tryb odtwarzania
    • Bez urządzenia pośredniczącego
    • b
    • Kod typu mediów
    • n
    • 2
    • Źródło (terminu i kodu)
    • rdamedia
338 -Typ/rodzaj nośnika [ , ]
    • a
    • Hasło opisujące typ nośnika
    • Wolumin
    • b
    • Kod typu nośnika
    • nc
    • 2
    • Źródło (terminu i kodu)
    • rdacarrier
380 -Deskryptor - Forma dzieła (P) [ , ]
    • a
    • forma dzieła (NP)
    • Książki
530 -Uwaga dot. innej postaci fizycznej dokumentu [ , ]
    • a
    • Uwaga dot. innej postaci fizycznej dokumentu
    • Dostępna również wersja elektroniczna.
650 -Hasło przedmiotowe [ ,7]
    • a
    • Hasło przedmiotowe
    • Język polski
    • 2
    • Źródło terminu
    • DBN
    • 9
    • KHW
    • 720917
650 -Hasło przedmiotowe [ ,7]
    • a
    • Hasło przedmiotowe
    • Zapożyczenia językowe
    • 2
    • Źródło terminu
    • DBN
    • 9
    • KHW
    • 723229
650 -Hasło przedmiotowe [ ,7]
    • a
    • Hasło przedmiotowe
    • Język polski
    • x
    • Określnik rzeczowy
    • zapożyczenia obce
    • v
    • Określnik formalny
    • słowniki.
    • 2
    • Źródło terminu
    • kaba
    • 9
    • KHW
    • 350427
655 -Hasło w funkcji tematu formalnego [ ,7]
    • a
    • Hasło
    • Słownik języka polskiego
    • 2
    • Źródło terminu
    • DBN
    • 9
    • KHW
    • 730245
655 -Hasło w funkcji tematu formalnego [ ,7]
    • a
    • Hasło
    • Słownik wyrazów obcych
    • 2
    • Źródło terminu
    • DBN
658 -Ujęcie treści [ , ]
    • a
    • dziedzina nauki i sztuki/ sfera aktywności życiowej
    • Językoznawstwo
700 -Hasło dodatkowe - nazwa osobowa [1, ]
    • a
    • Nazwa osobowa (NP)
    • Lam, Stanisław Find
    • d
    • Daty biograficzne (NP)
    • (1891-1965).
    • e
    • Określenie rodzaju współpracy
    • Redakcja
    • 9
    • KHW
    • 41463
700 -Hasło dodatkowe - nazwa osobowa [1,2]
    • a
    • Nazwa osobowa (NP)
    • Brückner, Aleksander Find
    • d
    • Daty biograficzne (NP)
    • (1856-1939).
    • t
    • Tytuł ujednolicony/tytuł (NP)
    • O wyrazach obcych Find
    • l
    • Język tekstu (NP)
    • (pol.)
    • 9
    • KHW
    • 480715
710 -Hasło dodatkowe - nazwa ciała zbiorowego [2, ]
    • a
    • Nazwa ciała zbiorowego lub nazwa geograficzna jako pierwszy element (NP)
    • Księgarnia Wydawnicza Trzaska, Evert i Michalski.
    • e
    • Rodzaj współpracy
    • Wydawca
    • 4
    • Kod relacji
    • pbl
    • 9
    • KHW
    • 56123
710 -Hasło dodatkowe - nazwa ciała zbiorowego [2, ]
    • a
    • Nazwa ciała zbiorowego lub nazwa geograficzna jako pierwszy element (NP)
    • Drukarnia Narodowa (Kraków).
    • e
    • Rodzaj współpracy
    • Druk
    • 4
    • Kod relacji
    • prt
    • 9
    • KHW
    • 56152
856 -Dostęp do wersji elektronicznej [4,1]
Sygnatura Status udost. Lokalizacja Uwagi nie widoczne w OPAC Numer inwentarzowy
POL. Słowniki wyrazów obcych 011BMdepozyt BMSN.12825